| 000 | 00337nam a2200133Ia 4500 | ||
|---|---|---|---|
| 008 | 230917s9999||||xx |||||||||||||| ||und|| | ||
| 040 |
_e71523 _aMAIN |
||
| 041 | _aEnglish | ||
| 082 | _a973.895 G64S | ||
| 100 | _aGooch, G P | ||
| 245 | 0 | _aStudies in diplomacy and statecraft | |
| 260 |
_aNew York _bRussell & Russell _c1969 |
||
| 942 | _cBK | ||
| 999 |
_c50080 _d50080 |
||